| Tag |
First Indicator |
Second Indicator |
Subfields |
| LEADER |
00000cam a2200000Ka 4500 |
| 001 |
in00001844421 |
| 005 |
20151026073823.0 |
| 008 |
040624s2004 caua b 000 0 eng d |
| 020 |
|
|
|a 0833035827 (pbk.)
|
| 035 |
|
|
|a (OCoLC)ocm55731861
|
| 040 |
|
|
|a WNC
|c WNC
|d TXA
|d UtOrBLW
|
| 043 |
|
|
|a n-us---
|
| 049 |
|
|
|a TXAM
|
| 090 |
|
|
|a UG1123
|b .U85 2004
|
| 245 |
0 |
0 |
|a Using a spend analysis to help identify prospective Air Force purchasing and supply initiatives :
|b summary of selected findings /
|c Nancy Y. Moore [and others].
|
| 264 |
|
1 |
|a Santa Monica, CA :
|b RAND Corp.,
|c 2004.
|
| 300 |
|
|
|a xvi, 89 pages :
|b illustrations ;
|c 28 cm.
|
| 336 |
|
|
|a text
|b txt
|2 rdacontent
|
| 337 |
|
|
|a unmediated
|b n
|2 rdamedia
|
| 338 |
|
|
|a volume
|b nc
|2 rdacarrier
|
| 490 |
1 |
|
|a Documented briefing ;
|v DB-434-AF
|
| 500 |
|
|
|a "Prepared for the United States Air Force."
|
| 500 |
|
|
|a "RAND, Project Air Force."
|
| 504 |
|
|
|a Includes bibliographical references (pages 85-89).
|
| 610 |
1 |
0 |
|a United States.
|b Air Force
|x Procurement.
|
| 610 |
1 |
0 |
|a United States.
|b Air Force
|x Appropriations and expenditures.
|
| 650 |
|
0 |
|a Purchasing.
|
| 650 |
|
0 |
|a Business logistics
|z United States.
|
| 650 |
|
0 |
|a Industrial procurement
|z United States.
|
| 700 |
1 |
|
|a Moore, Nancy Y.,
|d 1947-
|
| 710 |
1 |
|
|a United States.
|b Air Force.
|
| 710 |
2 |
|
|a Project Air Force (U.S.)
|
| 710 |
2 |
|
|a Rand Corporation.
|
| 830 |
|
0 |
|a Documented briefing (Rand Corporation) ;
|v DB-434-AF.
|
| 994 |
|
|
|a E0
|b TXA
|
| 948 |
|
|
|a cataloged
|b h
|c 2004/7/9
|d c
|e blrosas
|f 1:12:01 pm
|
| 999 |
|
|
|a MARS
|
| 999 |
f |
f |
|s e9c5b396-1163-3f84-8d39-94e34b350136
|i ffb128f3-a670-3ab4-8c5b-d3a67bf71725
|t 0
|
| 952 |
f |
f |
|p ric
|a Texas A&M University
|b Rellis Campus
|c Joint Library Facility
|d Remote Storage
|t 0
|e UG1123 .U85 2004
|h Library of Congress classification
|i unmediated -- volume
|m A14832000889
|
| 998 |
f |
f |
|a UG1123 .U85 2004
|t 0
|l Remote Storage
|